| 000 | 00919nam a22002535i 4500 | ||
|---|---|---|---|
| 001 | 11980 | ||
| 003 | ES-MaACL | ||
| 005 | 20230906150220.0 | ||
| 007 | t| | ||
| 008 | 940413s1993 sp ||||0| spa j | ||
| 020 | _a84-87098-15-0 | ||
| 040 |
_aM-BN _bspa _cM-BN |
||
| 080 | _a364.444.046.6(729.12 H.)(091) | ||
| 100 | 1 |
_aYglesia Martínez, Teresita. _9117636 |
|
| 245 | 1 | 0 |
_aDel muro de la soledad a la puerta del futuro _b: el hospital Hermanos Ameijeiras en el desarrollo de la Salud Pública Cubana / _cTeresita Yglesia Martínez. |
| 260 |
_aMadrid : _bFundación de Investigaciones Marxistas, _cD.L. 1993. |
||
| 300 |
_a253 p : _bgráf ; _c20 cm. |
||
| 490 | 1 |
_aSalud ; _v4 |
|
| 610 | 2 | 7 |
_aHospital Hermanos Ameijeiras- _xHistoria. _94610 |
| 710 | 2 |
_aFundación de Investigaciones Marxistas. _94272 |
|
| 830 | 0 |
_aSalud ; _v4 _9228237 |
|
| 852 |
_aES-MaACL _jL-19243 _bR.122164 |
||
| 999 |
_c11980 _d11980 |
||